|
|
|
|
| LEADER |
00903pam a22002778a 4500 |
| 001 |
00025520 |
| 005 |
20171026081022.0 |
| 008 |
110806s2003 ||||||viesd |
| 041 |
0 |
# |
|a vie
|
| 082 |
1 |
4 |
|a 305.895 97
|b B103GI
|
| 100 |
0 |
# |
|a Ngô Thời Đôn
|
| 245 |
0 |
0 |
|a Bài giảng cơ sở văn hóa việt nam
|c Ngô Thời Đôn,Trần Đại Vinh
|
| 260 |
# |
# |
|a Huế
|b [kxd]
|c 2003
|
| 300 |
# |
# |
|a 79tr.
|c 27cm.
|
| 500 |
# |
# |
|a Đầu bìa sách ghi: ĐH Huế.Trường ĐH SP
|
| 653 |
# |
# |
|a bài giảng
|
| 653 |
# |
# |
|a cơ sở văn hóa
|
| 653 |
# |
# |
|a văn hóa việt nam
|
| 700 |
0 |
# |
|a Trần Đại Vinh
|
| 852 |
# |
# |
|b Kho giáo trình
|j KGT.0024328
|
| 852 |
# |
# |
|b Kho mượn
|j KGT.0024328
|
| 852 |
# |
# |
|j KGT.0024328
|
| 910 |
|
|
|d 06/08/2011
|
| 980 |
# |
# |
|a Trung tâm Học liệu Lê Vũ Hùng, Trường Đại học Đồng Tháp
|